Krajina jako domov : [celostátní kolokvium : Žďár nad Sázavou : říjen 1994] /

Další autoři: Svobodová, Hana, 1933-, Svoboda, Tomáš, 1963-
Jazyk: Čeština
Vydáno: Žďár nad Sázavou : Okresní knihovna M.J. Sychry, 1996
Vydání: 1. vyd.
Témata:
Fyzický popis: 110 s., [18] s. obrazových příloh ; 24 cm
Knihy
Uloženo v:
LEADER 01310nam a2200337 a 4500
001 000091144
003 CZ BrMZK
005 20220123135713.0
007 ta
008 010907s1996 xr f 0 cze d
020 |z 80-90098-5-7 
040 |a BOA001  |b cze 
072 7 |a 502  |x Životní prostředí a jeho ochrana  |2 Konspekt  |9 2 
080 |a 502.5  |2 MRF 
080 |a 502.17  |2 MRF 
080 |a 712.2  |2 MRF 
080 |a (062.534)  |2 MRF 
245 0 0 |a Krajina jako domov :  |b [celostátní kolokvium : Žďár nad Sázavou : říjen 1994] /  |c Hana Svobodová (edit.) ; [fotografie Tomáš Svoboda] 
250 |a 1. vyd. 
260 |a Žďár nad Sázavou :  |b Okresní knihovna M.J. Sychry,  |c 1996 
300 |a 110 s., [18] s. obrazových příloh ;  |c 24 cm 
500 |a Souhrny angl. na konci někt. statí. - Bibliogr. 
650 7 |a krajinná ekologie  |7 ph115007  |2 czenas 
650 7 |a ochrana životního prostředí  |7 ph115553  |2 czenas 
650 7 |a tvorba krajiny  |7 ph126808  |2 czenas 
655 7 |a sborníky konferencí  |7 fd133333  |2 czenas 
700 1 |a Svobodová, Hana,  |d 1933-  |7 jn99240001156  |4 edt 
700 1 |a Svoboda, Tomáš,  |d 1963-  |7 js20040107017  |4 pht 
910 |a BOA001  |b 2-1024.131 
990 |a BK 
996 6 |b 2610041242  |c 2-1024.131  |l MZK  |r Sklad / do 1 hodiny  |n 15  |p p.v.  |w 000091144  |u 000010  |a 1  |e BOA001  |j MZK50  |s P